000 00533cam a2200193 4500
008 000000n1970 000 0 eng u
020 _a0117212520
035 _a(Sirsi) u103971
050 _a690
110 _aBuilding Research Station
_9203
245 _aVibration in buildings - 1
260 _aGarston, Watford
_bBuilding Research Station
_c1970
300 _a8p. : ill. ; 30cm.
350 _a0.04
490 _aBuilding Research Station Digest
_v117
650 _aVIBRATION
690 _aBUILT ENVIRONMENT
942 _n0
999 _c100194
_d100194